| 000 | 00431nam a2200157Ia 4500 | ||
|---|---|---|---|
| 008 | 230524s9999 xx 000 0 und d | ||
| 020 | _a9780070264625 | ||
| 100 | _aRoger C.Dugan | ||
| 245 | 0 | _a"Electrical Power Systems Quality, " | |
| 250 | _a2 nd. ed. | ||
| 260 | _bTata McGraw Hill | ||
| 500 | _aQuantity Number: 130 | ||
| 650 | _aElectrical | ||
| 700 | _a" Mark F.McGranaghan, Surya Santoso,H.Wayne Beaty" | ||
| 942 | _cBK | ||
| 999 |
_c50909 _d50909 |
||